000 004410000a22001690004500
003 MACL
005 20151229125743.0
008 151229b xxu||||| |||| 00| 0 eng d
040 _aMACL
_cMACL
041 _aEnglish
082 _a297.071/AHM
100 _aAhmad, Mirza Ghulam
_923762
245 _aThe Teachings of Islam
260 _bInter India Publication
_c1978
_aNew Delhi
650 _aReligion
_923763
942 _cBK
_k297.071/AHM
_2ddc
999 _c33861
_d33861